The sacred and the feminine (Record no. 9517)
[ view plain ]
| 000 -LEADER | |
|---|---|
| fixed length control field | 01473nam a2200373Ia 4500 |
| 001 - CONTROL NUMBER | |
| control field | ebr10267538 |
| 003 - CONTROL NUMBER IDENTIFIER | |
| control field | CaPaEBR |
| 006 - FIXED-LENGTH DATA ELEMENTS--ADDITIONAL MATERIAL CHARACTERISTICS--GENERAL INFORMATION | |
| fixed length control field | m u |
| 007 - PHYSICAL DESCRIPTION FIXED FIELD--GENERAL INFORMATION | |
| fixed length control field | cr cn||||||||| |
| 008 - FIXED-LENGTH DATA ELEMENTS--GENERAL INFORMATION | |
| fixed length control field | 080728s2007 enka sb 001 0 eng d |
| 010 ## - LIBRARY OF CONGRESS CONTROL NUMBER | |
| Canceled/invalid LC control number | 2008295375 |
| 020 ## - INTERNATIONAL STANDARD BOOK NUMBER | |
| Cancelled/invalid ISBN | 9781845115210 |
| Cancelled/invalid ISBN | 184511521X |
| Cancelled/invalid ISBN | 9781845115203 |
| Cancelled/invalid ISBN | 1845115201 |
| 040 ## - CATALOGING SOURCE | |
| Original cataloging agency | CaPaEBR |
| Transcribing agency | CaPaEBR |
| 035 ## - SYSTEM CONTROL NUMBER | |
| System control number | (OCoLC)313433293 |
| 050 14 - LIBRARY OF CONGRESS CALL NUMBER | |
| Classification number | N72.F45 |
| Item number | S23 2007eb |
| 245 04 - TITLE STATEMENT | |
| Title | The sacred and the feminine |
| Medium | [electronic resource] : |
| Remainder of title | imagination and sexual difference / |
| Statement of responsibility, etc | edited by Griselda Pollock and Victoria Turvey Sauron. |
| 260 ## - PUBLICATION, DISTRIBUTION, ETC. (IMPRINT) | |
| Place of publication, distribution, etc | London ; |
| -- | New York : |
| Name of publisher, distributor, etc | I.B. Tauris ; |
| Place of publication, distribution, etc | New York : |
| Name of publisher, distributor, etc | Distributed by Palgrave Macmillan, |
| Date of publication, distribution, etc | 2007. |
| 300 ## - PHYSICAL DESCRIPTION | |
| Extent | xv, 310 p. : |
| Other physical details | ill. |
| 490 1# - SERIES STATEMENT | |
| Series statement | New encounters |
| 504 ## - BIBLIOGRAPHY, ETC. NOTE | |
| Bibliography, etc | Includes bibliographical references (p. [271]-285) and index. |
| 533 ## - REPRODUCTION NOTE | |
| Type of reproduction | Electronic reproduction. |
| Place of reproduction | Palo Alto, Calif. : |
| Agency responsible for reproduction | ebrary, |
| Date of reproduction | 2009. |
| Note about reproduction | Available via World Wide Web. |
| -- | Access may be limited to ebrary affiliated libraries. |
| 650 #0 - SUBJECT ADDED ENTRY--TOPICAL TERM | |
| Topical term or geographic name as entry element | Feminism and art. |
| Topical term or geographic name as entry element | Feminist art criticism. |
| Topical term or geographic name as entry element | Women and religion. |
| 655 #7 - INDEX TERM--GENRE/FORM | |
| Genre/form data or focus term | Electronic books. |
| Source of term | local |
| 700 1# - ADDED ENTRY--PERSONAL NAME | |
| Personal name | Pollock, Griselda. |
| Personal name | Turvey Sauron, Victoria. |
| 710 2# - ADDED ENTRY--CORPORATE NAME | |
| Corporate name or jurisdiction name as entry element | ebrary, Inc. |
| 830 #0 - SERIES ADDED ENTRY--UNIFORM TITLE | |
| Uniform title | New encounters (London, England) |
| 856 40 - ELECTRONIC LOCATION AND ACCESS | |
| Uniform Resource Identifier | <a href="http://site.ebrary.com/lib/rucke/Doc?id=10267538">http://site.ebrary.com/lib/rucke/Doc?id=10267538</a> |
| Public note | An electronic book accessible through the World Wide Web; click to view |
No items available.
